000 00436nam a2200157 a 4500
001 000045099
005 20201002045858.0
008 150202s2002 dr a 000 0 spa d
020 _a9993472166
040 _aDO-SdBNP
_bspa
_cBNPHU
082 _axxxxxx
_bxxxxxx
100 1 _aVives, Vicens
_973119
245 1 3 _aEl arca de los cuentos /
_cVicent Vives.
260 _aSanto Domingo :
_bTaller,
_c2002.
300 _a147 p. :
_bils. ;
_c27 cm.
999 _c44588
_d44588